WIPO intellectual property handbook (Record no. 452)
[ view plain ]
| 000 -LEADER | |
|---|---|
| fixed length control field | 01519cam a2200445Ia 4500 |
| 001 - CONTROL NUMBER | |
| control field | 7145062 |
| 003 - CONTROL NUMBER IDENTIFIER | |
| control field | OSt |
| 005 - DATE AND TIME OF LATEST TRANSACTION | |
| control field | 20150624104130.0 |
| 006 - FIXED-LENGTH DATA ELEMENTS--ADDITIONAL MATERIAL CHARACTERISTICS--GENERAL INFORMATION | |
| fixed length control field | m d i |
| 007 - PHYSICAL DESCRIPTION FIXED FIELD--GENERAL INFORMATION | |
| fixed length control field | cr mn||||||||| |
| 008 - FIXED-LENGTH DATA ELEMENTS--GENERAL INFORMATION | |
| fixed length control field | 090411s2004 sz sb i000 0 eng d |
| 020 ## - INTERNATIONAL STANDARD BOOK NUMBER | |
| Cancelled/invalid ISBN | 9280510048 |
| 035 ## - SYSTEM CONTROL NUMBER | |
| System control number | (OCoLC)ocn318539720 |
| 035 ## - SYSTEM CONTROL NUMBER | |
| System control number | (OCoLC)318539720 |
| 035 ## - SYSTEM CONTROL NUMBER | |
| System control number | (NNC)7145062 |
| 040 ## - CATALOGING SOURCE | |
| Original cataloging agency | ZCU |
| Transcribing agency | ZCU |
| 050 04 - LIBRARY OF CONGRESS CALL NUMBER | |
| Classification number | K1401 |
| 082 ## - DEWEY DECIMAL CLASSIFICATION NUMBER | |
| Classification number | 346.048 WIP |
| 245 00 - TITLE STATEMENT | |
| Title | WIPO intellectual property handbook |
| Medium | [electronic resource] : |
| Remainder of title | policy, law and use. |
| 246 3# - VARYING FORM OF TITLE | |
| Title proper/short title | World Intellectual Property Organization intellectual property handbook |
| 246 30 - VARYING FORM OF TITLE | |
| Title proper/short title | Intellectual property handbook |
| 250 ## - EDITION STATEMENT | |
| Edition statement | 2nd ed. |
| 260 ## - PUBLICATION, DISTRIBUTION, ETC. (IMPRINT) | |
| Place of publication, distribution, etc | Geneva : |
| Name of publisher, distributor, etc | WIPO, |
| Date of publication, distribution, etc | 2004. |
| 490 1# - SERIES STATEMENT | |
| Series statement | WIPO publication ; |
| Volume number/sequential designation | no. 489(E) |
| 500 ## - GENERAL NOTE | |
| General note | Title from PDF t.p. (viewed Apr. 15, 2009). |
| 504 ## - BIBLIOGRAPHY, ETC. NOTE | |
| Bibliography, etc | Includes bibliographical references. |
| 538 ## - SYSTEM DETAILS NOTE | |
| System details note | Mode of access: World Wide Web. |
| 650 #0 - SUBJECT ADDED ENTRY--TOPICAL TERM | |
| Topical term or geographic name as entry element | Intellectual property (International law) |
| 9 (RLIN) | 1321 |
| 650 #0 - SUBJECT ADDED ENTRY--TOPICAL TERM | |
| Topical term or geographic name as entry element | Industrial property (International law) |
| 9 (RLIN) | 1322 |
| 650 #0 - SUBJECT ADDED ENTRY--TOPICAL TERM | |
| Topical term or geographic name as entry element | Copyright, International. |
| 9 (RLIN) | 1323 |
| 650 #0 - SUBJECT ADDED ENTRY--TOPICAL TERM | |
| Topical term or geographic name as entry element | Trademarks (International law) |
| 9 (RLIN) | 1324 |
| 650 #0 - SUBJECT ADDED ENTRY--TOPICAL TERM | |
| Topical term or geographic name as entry element | Conflict of laws |
| General subdivision | Intellectual property. |
| 9 (RLIN) | 1325 |
| 710 2# - ADDED ENTRY--CORPORATE NAME | |
| Corporate name or jurisdiction name as entry element | World Intellectual Property Organization. |
| 9 (RLIN) | 1326 |
| 830 #0 - SERIES ADDED ENTRY--UNIFORM TITLE | |
| Uniform title | WIPO publication ; |
| Volume number/sequential designation | no. 489(E) |
| 9 (RLIN) | 1327 |
| 856 40 - ELECTRONIC LOCATION AND ACCESS | |
| Uniform Resource Identifier | <a href="http://www.columbia.edu/cgi-bin/cul/resolve?clio7145062">http://www.columbia.edu/cgi-bin/cul/resolve?clio7145062</a> |
| 942 ## - ADDED ENTRY ELEMENTS (KOHA) | |
| Source of classification or shelving scheme | Dewey Decimal Classification |
| Koha item type | Books |
| 948 1# - LOCAL PROCESSING INFORMATION (OCLC); SERIES PART DESIGNATOR (RLIN) | |
| Series part designator, SPT (RLIN) | 20090415 |
| b (OCLC) | c |
| c (OCLC) | mw2064 |
| d (OCLC) | OSMC |
| Withdrawn status | Lost status | Source of classification or shelving scheme | Damaged status | Not for loan | Home library | Current library | Shelving location | Date acquired | Total Checkouts | Full call number | Barcode | Date last seen | Price effective from | Koha item type |
|---|---|---|---|---|---|---|---|---|---|---|---|---|---|---|
| Dewey Decimal Classification | Law Development Centre Main Library | Law Development Centre Main Library | Text Books and Laws | 04/20/2011 | 346.048 WIP | 2011/3138 | 04/20/2011 | 04/20/2011 | Books | |||||
| Dewey Decimal Classification | Law Development Centre Main Library | Law Development Centre Main Library | Text Books and Laws | 04/20/2011 | 346.048 WIP | 2011/3135 | 04/20/2011 | 04/20/2011 | Books | |||||
| Dewey Decimal Classification | Law Development Centre Main Library | Law Development Centre Main Library | Text Books and Laws | 04/20/2011 | 346.048 WIP | 2011/3137 | 04/20/2011 | 04/20/2011 | Books | |||||
| Dewey Decimal Classification | Law Development Centre Main Library | Law Development Centre Main Library | Text Books and Laws | 04/20/2011 | 346.048 WIP | 2011/3136 | 04/20/2011 | 04/20/2011 | Books |
